[Event "North Island-ch Staurt Memorial"]
[Site "Auckland"]
[Date "2023.07.13"]
[Round "1"]
[White "Wright, Caleb"]
[Black "Baker, Ilias Angelo"]
[Result "0-1"]
[WhiteElo "1860"]
[BlackElo "1509"]
[PlyCount "70"]
[EventDate "2023.07.13"]
[EventType "swiss"]
[EventRounds "8"]
[EventCountry "NZL"]
[SourceTitle "EXT 2024"]
[Source "ChessBase"]
[SourceDate "2023.10.10"]
[SourceVersion "1"]
[SourceVersionDate "2023.10.10"]
[SourceQuality "1"]

1. d4 Nf6 2. Nf3 d5 3. g3 b5 4. Bg2 Bb7 5. 0-0 e6 6. b3 c5 7. c4 bxc4 8. bxc4 dxc4 9. Qa4+ Nbd7 10. Rd1 cxd4 11. Rxd4 Bc5 12. Rxc4 0-0 13. Qc2 Ba6 14. Rc3 Qb6 15. e3 Rac8 16. a3 Rfd8 17. Ra2 Qd6 18. Qd2 Qe7 19. Qe1 Ne4 20. Rcc2 Bd3 21. Rcb2 Bc4 22. Ra1 Ndf6 23. Nfd2 Bd5 24. Nxe4 Nxe4 25. Rc2 h5 26. Nd2 Nxd2 27. Rxd2 Bxg2 28. Kxg2 h4 29. Bb2 Qb7+ 30. f3 h3+ 31. Kf2 Qb3 32. Bc1 Rxd2+ 33. Qxd2 Bb6 34. Ke1 Rc2 35. Qd1 Ba5+ 0-1

[Event "Auckland Trusts op 45th"]
[Site "Auckland"]
[Date "2023.06.03"]
[Round "2"]
[White "Wright, Caleb"]
[Black "Fulo, Nunilon III"]
[Result "1/2-1/2"]
[WhiteElo "1850"]
[BlackElo "2010"]
[PlyCount "65"]
[EventDate "2023.06.03"]
[EventType "swiss"]
[EventRounds "6"]
[EventCountry "NZL"]
[SourceTitle "EXT 2024"]
[Source "ChessBase"]
[SourceDate "2023.10.10"]
[SourceVersion "1"]
[SourceVersionDate "2023.10.10"]
[SourceQuality "1"]

1. d4 Nf6 2. Nf3 d5 3. g3 c6 4. Bg2 g6 5. c4 Bg7 6. Nc3 0-0 7. 0-0 Ne4 8. Qb3 Qb6 9. cxd5 Nxc3 10. bxc3 Qxb3 11. axb3 cxd5 12. Ne5 Nc6 13. Nd3 e5 14. dxe5 Nxe5 15. Nb4 Bg4 16. Ra2 Nc6 17. Nxd5 Be6 18. Be3 a6 19. Rc1 Rac8 20. Bb6 Bxd5 21. Bxd5 Nb4 22. Rd2 Rxc3 23. Rxc3 Bxc3 24. Rd1 Nxd5 25. Rxd5 Re8 26. Kf1 Re6 27. Bc5 b6 28. Bd6 Kg7 29. e3 Kf6 30. Ke2 Re8 31. Bc7 Re6 32. Bd6 Re8 33. Bc7 1/2-1/2

[Event "Henderson Trusts op 42nd"]
[Site "Henderson"]
[Date "2019.06.02"]
[Round "2"]
[White "Wright, Caleb"]
[Black "Ker, Anthony F"]
[Result "0-1"]
[WhiteElo "1888"]
[BlackElo "2326"]
[PlyCount "84"]
[EventDate "2019.06.01"]
[EventType "swiss"]
[EventRounds "6"]
[EventCountry "NZL"]
[SourceTitle "EXT 2020"]
[Source "ChessBase"]
[SourceDate "2019.10.17"]
[SourceVersion "1"]
[SourceVersionDate "2019.10.17"]
[SourceQuality "1"]

1. d4 Nf6 2. Nf3 e6 3. c4 Bb4+ 4. Bd2 Qe7 5. a3 Bxd2+ 6. Nbxd2 d6 7. e3 e5 8. dxe5 dxe5 9. Be2 Nc6 10. Qc2 Bg4 11. Bd3 0-0-0 12. Bf5+ Bxf5 13. Qxf5+ Kb8 14. Ne4 Nxe4 15. Qxe4 g6 16. 0-0 f5 17. Qc2 e4 18. Nd2 Rd3 19. Nb3 Rhd8 20. Rad1 Qd6 21. Rxd3 Qxd3 22. Qxd3 Rxd3 23. Nc5 Rd2 24. Rb1 Ne5 25. Nb3 Rc2 26. Rd1 Nd3 27. Nc5 c6 28. Nxd3 exd3 29. Kf1 Rxb2 30. Rxd3 Kc7 31. Ke1 Rc2 32. Rd4 Ra2 33. Rd3 a5 34. h4 Rc2 35. Rd4 Rc3 36. a4 Ra3 37. c5 Rc3 38. h5 Rxc5 39. hxg6 hxg6 40. g4 Re5 41. gxf5 gxf5 42. Ke2 Re4 0-1

[Event "Henderson Trusts op 42nd"]
[Site "Henderson"]
[Date "2019.06.01"]
[Round "1"]
[White "Gong, Daniel Hanwen"]
[Black "Wright, Caleb"]
[Result "1-0"]
[WhiteElo "2267"]
[BlackElo "1888"]
[PlyCount "75"]
[EventDate "2019.06.01"]
[EventType "swiss"]
[EventRounds "6"]
[EventCountry "NZL"]
[SourceTitle "EXT 2020"]
[Source "ChessBase"]
[SourceDate "2019.10.17"]
[SourceVersion "1"]
[SourceVersionDate "2019.10.17"]
[SourceQuality "1"]

1. d4 d5 2. Bf4 Nf6 3. e3 e6 4. Nf3 Bd6 5. Bg3 b6 6. Nbd2 Bb7 7. c3 0-0 8. Bd3 c5 9. Qe2 Qe7 10. Ne5 Ne4 11. f3 Nxd2 12. Qxd2 f6 13. Ng4 Nd7 14. Qc2 f5 15. Ne5 Nxe5 16. Bxe5 Bxe5 17. dxe5 Rad8 18. 0-0 d4 19. exd4 cxd4 20. c4 Rc8 21. Qd2 Ba6 22. Rac1 Rc5 23. Qf4 Qc7 24. Qxd4 Rd8 25. Qc3 Rxe5 26. Rfd1 Re3 27. Qc2 Qc5 28. Kh1 Qe5 29. Bf1 Rxd1 30. Qxd1 h6 31. Qd2 Bb7 32. b4 Bc6 33. Kg1 Kh7 34. Bd3 Qf4 35. Rd1 Qg5 36. Kf2 Re5 37. Qxg5 hxg5 38. g3 1-0

[Event "Auckland North Shore op 44th"]
[Site "Auckland"]
[Date "2017.08.26"]
[Round "2"]
[White "Polishchuk, Kirill"]
[Black "Wright, Caleb"]
[Result "1-0"]
[WhiteElo "2132"]
[BlackElo "1864"]
[PlyCount "81"]
[EventDate "2017.08.26"]
[EventType "swiss"]
[EventRounds "5"]
[EventCountry "NZL"]
[SourceTitle "CBM 180 Extra"]
[Source "ChessBase"]
[SourceDate "2017.10.06"]
[SourceVersion "1"]
[SourceVersionDate "2017.10.06"]
[SourceQuality "1"]

1. e4 d5 2. exd5 Qxd5 3. Nc3 Qd6 4. Nf3 Nf6 5. d4 c6 6. h3 Bf5 7. Bd3 Bg6 8. Bg5 Nbd7 9. Qd2 e6 10. a3 Bxd3 11. Bf4 Qe7 12. Qxd3 g6 13. 0-0 Bg7 14. Rfe1 Nb6 15. Bg5 Rd8 16. Ne4 h6 17. Bh4 g5 18. Bg3 Nxe4 19. Qxe4 Nc4 20. Re2 0-0 21. h4 Rd5 22. b3 Nd6 23. Bxd6 Qxd6 24. hxg5 hxg5 25. c3 Rd8 26. g3 Bf6 27. Qg4 Kf8 28. b4 Rf5 29. Rae1 Qd5 30. Ne5 Ke7 31. c4 Qxd4 32. Qxf5 exf5 33. Nxc6+ Kf8 34. Nxd4 Rxd4 35. Re8+ Kg7 36. c5 Rd3 37. R1e3 Rd2 38. Re2 Rd3 39. R8e3 Rd1+ 40. Kg2 Bd4 41. Re7 1-0

[Event "Waitakere Trusts op 40th"]
[Site "Waitakere"]
[Date "2017.06.03"]
[Round "1"]
[White "Wright, Caleb"]
[Black "Gong, Daniel Hanwen"]
[Result "0-1"]
[WhiteElo "1875"]
[BlackElo "2299"]
[PlyCount "44"]
[EventDate "2017.06.03"]
[EventType "swiss"]
[EventRounds "6"]
[EventCountry "NZL"]
[SourceTitle "EXT 2018"]
[Source "ChessBase"]
[SourceDate "2017.10.13"]
[SourceVersion "1"]
[SourceVersionDate "2017.10.13"]
[SourceQuality "1"]

1. d4 Nf6 2. c4 g6 3. Nc3 Bg7 4. e4 d6 5. f3 0-0 6. Be3 c5 7. Nge2 Nc6 8. Qd2 cxd4 9. Nxd4 Bd7 10. Be2 Nxd4 11. Bxd4 Bc6 12. 0-0 Nd7 13. Be3 a5 14. b3 Nc5 15. Rab1 e6 16. Rfd1 Be5 17. Bf1 Qh4 18. g3 Qf6 19. Rbc1 Qxf3 20. Be2 Qf6 21. Bg5 Qh8 22. Be7 Bxc3 0-1

[Event "Hamilton Waikato op"]
[Site "Hamilton"]
[Date "2016.07.30"]
[Round "2"]
[White "Wright, Caleb"]
[Black "Timergazi, Layla"]
[Result "0-1"]
[WhiteElo "1875"]
[BlackElo "1927"]
[PlyCount "52"]
[EventDate "2016.07.29"]
[EventType "swiss"]
[EventRounds "6"]
[EventCountry "NZL"]
[SourceTitle "EXT 2018"]
[Source "ChessBase"]
[SourceDate "2017.10.13"]
[SourceVersion "1"]
[SourceVersionDate "2017.10.13"]
[SourceQuality "1"]

1. d4 Nf6 2. Nf3 g6 3. g3 Bg7 4. Bg2 d6 5. 0-0 0-0 6. c4 a5 7. b3 Nc6 8. Bb2 Nd7 9. Qd2 e5 10. e4 Re8 11. Re1 exd4 12. Nxd4 Qf6 13. Rd1 a4 14. Bc3 Nxd4 15. Bxd4 Qxd4 16. Qxd4 Bxd4 17. Rxd4 axb3 18. a3 Nc5 19. f3 Be6 20. Bf1 Ra5 21. Kf2 Rea8 22. Ke3 Ra4 23. Bd3 b5 24. Nc3 Rxa3 25. Rxa3 Rxa3 26. Nxb5 Ra1 0-1

[Event "Henderson Trusts op 39th"]
[Site "Henderson"]
[Date "2016.06.04"]
[Round "1"]
[White "Gong, Daniel Hanwen"]
[Black "Wright, Caleb"]
[Result "1-0"]
[WhiteElo "2037"]
[BlackElo "1917"]
[PlyCount "73"]
[EventDate "2016.06.04"]
[EventType "swiss"]
[EventRounds "6"]
[EventCountry "NZL"]
[SourceTitle "EXT 2018"]
[Source "ChessBase"]
[SourceDate "2017.10.13"]
[SourceVersion "1"]
[SourceVersionDate "2017.10.13"]
[SourceQuality "1"]

1. c4 c5 2. Nc3 Nc6 3. g3 g6 4. Bg2 Bg7 5. d3 e5 6. Nf3 Nge7 7. Nd2 a6 8. Nf1 0-0 9. Ne3 Rb8 10. a4 Nd4 11. h4 h5 12. Ned5 Nec6 13. Bg5 f6 14. Bd2 d6 15. Be4 Nf5 16. e3 Nfe7 17. 0-0 Be6 18. Rb1 f5 19. Bg2 Bf7 20. e4 Nxd5 21. Nxd5 Bxd5 22. cxd5 Nd4 23. b4 b6 24. Bg5 Qc7 25. Kh1 Qf7 26. f4 exf4 27. Bxf4 Qd7 28. Qd2 Kh7 29. Qa2 a5 30. bxc5 bxc5 31. Qc4 Bh6 32. Bxh6 Kxh6 33. e5 dxe5 34. Qxc5 Qxa4 35. Qe7 Rbe8 36. Qg5+ Kg7 37. Rb6 1-0

[Event "Hamilton Waikato op"]
[Site "Hamilton"]
[Date "2012.08.05"]
[Round "6"]
[White "Lyall, Simon"]
[Black "Wright, Caleb"]
[Result "1/2-1/2"]
[WhiteElo "1821"]
[BlackElo "1948"]
[PlyCount "55"]
[EventDate "2012.08.03"]
[EventType "swiss"]
[EventRounds "6"]
[EventCountry "NZL"]
[SourceTitle "EXT 2018"]
[Source "ChessBase"]
[SourceDate "2017.10.13"]
[SourceVersion "1"]
[SourceVersionDate "2017.10.13"]
[SourceQuality "1"]

1. e4 e6 2. d4 c5 3. c3 d5 4. e5 Qb6 5. Nf3 Nc6 6. a3 f6 7. b4 fxe5 8. Nxe5 Nxe5 9. dxe5 a5 10. Be3 axb4 11. cxb4 d4 12. bxc5 Bxc5 13. Bc1 d3 14. Bxd3 Bxf2+ 15. Kf1 Ne7 16. Nd2 0-0 17. Nf3 Bd4 18. Rb1 Qd8 19. Ke2 Nc6 20. Be4 Bc5 21. Qc2 Nd4+ 22. Nxd4 Qxd4 23. Rf1 Rxf1 24. Kxf1 Qg1+ 25. Ke2 Qf2+ 26. Kd1 Qf1+ 27. Kd2 Qf2+ 28. Kd1 1/2-1/2

[Event "Hamilton Waikato op"]
[Site "Hamilton"]
[Date "2012.08.04"]
[Round "2"]
[White "Wright, Caleb"]
[Black "Smith, Robert Wayne"]
[Result "1/2-1/2"]
[WhiteElo "1948"]
[BlackElo "2222"]
[PlyCount "103"]
[EventDate "2012.08.03"]
[EventType "swiss"]
[EventRounds "6"]
[EventCountry "NZL"]
[SourceTitle "EXT 2018"]
[Source "ChessBase"]
[SourceDate "2017.10.13"]
[SourceVersion "1"]
[SourceVersionDate "2017.10.13"]
[SourceQuality "1"]

1. d4 Nf6 2. c4 c5 3. Nf3 cxd4 4. Nxd4 Nc6 5. Nc3 g6 6. e4 d6 7. f3 Nxd4 8. Qxd4 Bg7 9. Qf2 0-0 10. Be2 Be6 11. Bd2 a6 12. Rc1 Rc8 13. b3 Nd7 14. 0-0 f5 15. exf5 Bxf5 16. Qe3 Qb6 17. Qxb6 Nxb6 18. Be3 Bxc3 19. Rxc3 Nd5 20. Bd2 Nxc3 21. Bxc3 b5 22. Bd2 Bd7 23. Rd1 Kf7 24. Bh6 Rfd8 25. Bg5 Bc6 26. f4 bxc4 27. Bxc4+ d5 28. Be2 Bb5 29. Bg4 Bd7 30. Bf3 Be6 31. Re1 Rc7 32. g4 d4 33. Re5 Rc1+ 34. Kf2 Rc2+ 35. Kg3 Rxa2 36. f5 Bxb3 37. Rxe7+ Kg8 38. Rb7 Bd5 39. Bxd8 Ra3 40. Rd7 Rxf3+ 41. Kh4 Be4 42. Rxd4 gxf5 43. gxf5 Bxf5 44. Kg5 Bg6 45. Kg4 Rf1 46. h4 Rg1+ 47. Kf4 Kf7 48. Ke5 Re1+ 49. Kd5 Rc1 50. Kd6 Ke8 51. Bb6 Rc8 52. Bc7 1/2-1/2

[Event "North Shore op-A 37th"]
[Site "Auckland"]
[Date "2011.08.28"]
[Round "5"]
[White "Wright, Caleb"]
[Black "Tsoi, Nicole"]
[Result "1-0"]
[WhiteElo "1941"]
[BlackElo "1716"]
[PlyCount "107"]
[EventDate "2011.08.28"]
[EventType "swiss"]
[EventRounds "5"]
[EventCountry "NZL"]
[SourceTitle "EXT 2018"]
[Source "ChessBase"]
[SourceDate "2017.10.13"]
[SourceVersion "1"]
[SourceVersionDate "2017.10.13"]
[SourceQuality "1"]

1. d4 e6 2. c4 f5 3. g3 Nf6 4. Bg2 Be7 5. Nf3 0-0 6. 0-0 d6 7. Nc3 a5 8. Re1 Ne4 9. Qc2 Nxc3 10. Qxc3 Bf6 11. e4 Nc6 12. e5 dxe5 13. dxe5 Be7 14. Qe3 Nb4 15. Qb3 Bc5 16. Be3 Bxe3 17. Rxe3 Qe7 18. a3 Na6 19. Rd1 Nc5 20. Qc2 Bd7 21. Nd4 Rac8 22. f4 g5 23. Qe2 g4 24. b3 Rb8 25. a4 Na6 26. Qd2 Qc5 27. Qf2 Rfd8 28. Red3 Bc8 29. Nb5 Rxd3 30. Rxd3 Qe7 31. Qd4 Kf7 32. Qc3 Nb4 33. Rd1 b6 34. Kf1 Bb7 35. Bxb7 Rxb7 36. Qd4 Nc2 37. Qd2 Nb4 38. Qd8 Nc6 39. Qc8 Rb8 40. Qxc7 Qxc7 41. Nxc7 Ke7 42. Nb5 Rd8 43. Nd6 Na7 44. Ke2 h6 45. Rd3 h5 46. Kd2 Nc6 47. Kc3 Nb4 48. Rd2 Nc6 49. c5 bxc5 50. Kc4 Nd4 51. Rb2 Kd7 52. Kxc5 Nc6 53. Rd2 Kc7 54. Nb5+ 1-0

[Event "North Shore op-A 37th"]
[Site "Auckland"]
[Date "2011.08.27"]
[Round "2"]
[White "Krstev, Antonio"]
[Black "Wright, Caleb"]
[Result "1/2-1/2"]
[WhiteElo "2150"]
[BlackElo "1941"]
[PlyCount "160"]
[EventDate "2011.08.28"]
[EventType "swiss"]
[EventRounds "5"]
[EventCountry "NZL"]
[SourceTitle "EXT 2018"]
[Source "ChessBase"]
[SourceDate "2017.10.13"]
[SourceVersion "1"]
[SourceVersionDate "2017.10.13"]
[SourceQuality "1"]

1. d4 d5 2. c4 c6 3. Nc3 Nf6 4. Nf3 e6 5. Bg5 Nbd7 6. e3 Qa5 7. Nd2 Bb4 8. Qc2 0-0 9. a3 Bxc3 10. bxc3 dxc4 11. Bxf6 Nxf6 12. Nxc4 Qc7 13. Bd3 c5 14. Ne5 b6 15. Rc1 Bb7 16. 0-0 Qe7 17. a4 cxd4 18. cxd4 Rfc8 19. Qe2 Rc7 20. Rxc7 Qxc7 21. f4 Rc8 22. f5 Qe7 23. fxe6 fxe6 24. h4 Rf8 25. g3 Ne4 26. Kh2 Rxf1 27. Qxf1 Qf8 28. Qf4 Qxf4 29. gxf4 Nc3 30. Bc2 b5 31. axb5 Nxb5 32. Nd7 Bd5 33. Kg3 a5 34. h5 Nd6 35. Nc5 h6 36. e4 Ba2 37. Kf3 Kf7 38. Ke3 Bc4 39. f5 exf5 40. e5 Ne4 41. Nxe4 fxe4 42. Kxe4 g6 43. hxg6+ Kxg6 44. d5 Kf7 45. Bd1 Ke7 46. d6+ Kd8 47. Kf5 h5 48. Kg5 Bf7 49. Kf6 Be8 50. e6 a4 51. Kg5 a3 52. Bb3 Kc8 53. Bd5 Kd8 54. Bc4 Kc8 55. Kf6 Kd8 56. e7+ Kd7 57. Ke5 Kc6 58. Bd5+ Kd7 59. Bb3 Kc8 60. Be6+ Kb7 61. d7 Bxd7 62. Bxd7 a2 63. e8Q a1Q+ 64. Kf5 Qf1+ 65. Kg5 Qg2+ 66. Kh6 Qd2+ 67. Kh7 Qd3+ 68. Kg7 Qd4+ 69. Kg8 Qg1+ 70. Kf7 Qf2+ 71. Kg6 Qg2+ 72. Kxh5 Qh2+ 73. Kg5 Qd2+ 74. Kg6 Qg2+ 75. Kf7 Qf3+ 76. Ke7 Qa3+ 77. Kf6 Qc3+ 78. Kg5 Qd2+ 79. Kg4 Qg2+ 80. Kh4 Qf2+ 1/2-1/2

[Event "NZL-ch Major op"]
[Site "Auckland"]
[Date "2011.01.06"]
[Round "5"]
[White "Lyall, Simon"]
[Black "Wright, Caleb"]
[Result "1/2-1/2"]
[WhiteElo "1695"]
[BlackElo "1936"]
[PlyCount "73"]
[EventDate "2011.01.02"]
[EventType "swiss"]
[EventRounds "11"]
[EventCountry "NZL"]
[SourceTitle "EXT 2018"]
[Source "ChessBase"]
[SourceDate "2017.10.13"]
[SourceVersion "1"]
[SourceVersionDate "2017.10.13"]
[SourceQuality "1"]

1. e4 c5 2. c3 Nf6 3. e5 Nd5 4. d4 cxd4 5. Nf3 e6 6. cxd4 d6 7. Bc4 Nc6 8. 0-0 Be7 9. Nc3 Nxc3 10. bxc3 Qc7 11. Qe2 Bd7 12. Bd2 0-0 13. Rab1 a6 14. Bd3 dxe5 15. dxe5 f6 16. Qe4 f5 17. Qe2 Bc5 18. Bf4 Ne7 19. Bc4 b5 20. Bb3 a5 21. Nd4 Bxd4 22. cxd4 a4 23. Bc2 Nd5 24. Rfc1 Nxf4 25. Qd2 Nd5 26. Bxf5 Qa5 27. Qxa5 Rxa5 28. Be4 Ra7 29. Bxd5 exd5 30. Rc5 Rc8 31. Rxd5 Kf7 32. Re1 Bc6 33. Rd6 Ke7 34. d5 Be8 35. Re6+ Kf7 36. Rb6 Rac7 37. e6+ 1/2-1/2

[Event "NZL-ch Major op"]
[Site "Auckland"]
[Date "2011.01.05"]
[Round "4"]
[White "Wright, Caleb"]
[Black "Tsoi, Nicole"]
[Result "1/2-1/2"]
[WhiteElo "1936"]
[BlackElo "1711"]
[PlyCount "74"]
[EventDate "2011.01.02"]
[EventType "swiss"]
[EventRounds "11"]
[EventCountry "NZL"]
[SourceTitle "EXT 2018"]
[Source "ChessBase"]
[SourceDate "2017.10.13"]
[SourceVersion "1"]
[SourceVersionDate "2017.10.13"]
[SourceQuality "1"]

1. d4 e6 2. c4 f5 3. g3 Nf6 4. Bg2 Be7 5. Nh3 0-0 6. 0-0 d6 7. Nc3 c6 8. e4 e5 9. dxe5 dxe5 10. Qe2 Qc7 11. Rd1 Na6 12. f3 Bc5+ 13. Be3 fxe4 14. Nxe4 Nxe4 15. fxe4 Be6 16. Bxc5 Nxc5 17. b4 Na4 18. Ng5 Bf7 19. Nxf7 Rxf7 20. Qe3 Qb6 21. Qxb6 Nxb6 22. Rac1 Re7 23. Bh3 Rf8 24. Rd3 g6 25. Rc2 Rff7 26. Kg2 Kg7 27. c5 Nd7 28. Bxd7 Rxd7 29. Rcd2 Rxd3 30. Rxd3 Kf6 31. Rd6+ Ke7 32. a4 Rf6 33. Rd3 b6 34. a5 b5 35. h4 h5 36. Rf3 Rxf3 37. Kxf3 Kf6 1/2-1/2

[Event "NZL-ch Major op"]
[Site "Auckland"]
[Date "2011.01.03"]
[Round "2"]
[White "Wright, Caleb"]
[Black "Puepuemai, Wayne"]
[Result "1-0"]
[WhiteElo "1936"]
[BlackElo "1687"]
[PlyCount "73"]
[EventDate "2011.01.02"]
[EventType "swiss"]
[EventRounds "11"]
[EventCountry "NZL"]
[SourceTitle "EXT 2018"]
[Source "ChessBase"]
[SourceDate "2017.10.13"]
[SourceVersion "1"]
[SourceVersionDate "2017.10.13"]
[SourceQuality "1"]

1. d4 d5 2. c4 e6 3. Nc3 Nf6 4. Bg5 h6 5. Bh4 Be7 6. Qc2 0-0 7. e3 c6 8. cxd5 exd5 9. Bd3 Re8 10. Nge2 Ne4 11. Bxe7 Qxe7 12. Nxe4 dxe4 13. Bc4 Be6 14. a3 Nd7 15. Rc1 Bxc4 16. Qxc4 Nb6 17. Qc5 Qxc5 18. Rxc5 Rac8 19. Kd2 Na4 20. Rc2 c5 21. b3 Nb6 22. Rxc5 Rxc5 23. dxc5 Nd7 24. b4 Ne5 25. Nd4 Rd8 26. Ke2 Nc4 27. Rc1 Nb2 28. Rc2 Nd3 29. b5 Nf4+ 30. exf4 Rxd4 31. c6 bxc6 32. bxc6 Rd8 33. c7 Rc8 34. Ke3 f5 35. Kd4 Kf7 36. Kd5 g6 37. Kd6 1-0

[Event "NZL-ch Major op"]
[Site "Auckland"]
[Date "2011.01.02"]
[Round "1"]
[White "Puepuemai, Malo"]
[Black "Wright, Caleb"]
[Result "0-1"]
[WhiteElo "1501"]
[BlackElo "1936"]
[PlyCount "90"]
[EventDate "2011.01.02"]
[EventType "swiss"]
[EventRounds "11"]
[EventCountry "NZL"]
[SourceTitle "EXT 2018"]
[Source "ChessBase"]
[SourceDate "2017.10.13"]
[SourceVersion "1"]
[SourceVersionDate "2017.10.13"]
[SourceQuality "1"]

1. a3 d5 2. e3 Nf6 3. d4 e6 4. Nf3 Be7 5. Be2 0-0 6. Nbd2 Nbd7 7. 0-0 c5 8. c4 b6 9. b3 Bb7 10. Bb2 dxc4 11. bxc4 Qc7 12. Qc2 Rac8 13. e4 cxd4 14. Bxd4 Bc5 15. Bc3 Ng4 16. Nb3 Bd6 17. g3 Nge5 18. Nfd4 a6 19. Bb4 Bxb4 20. axb4 Nxc4 21. Rfc1 b5 22. Na5 Ndb6 23. Ndb3 Qe7 24. Nxb7 Qxb7 25. Nc5 Qe7 26. Rxa6 Rfd8 27. Bd3 g6 28. f4 e5 29. Qc3 exf4 30. gxf4 Qh4 31. Rxb6 Qg4+ 32. Kh1 Qf3+ 33. Kg1 Qg4+ 34. Kh1 Qf3+ 35. Kg1 Nxb6 36. Bxb5 Qxc3 37. Rxc3 Rd4 38. Ba6 Rcd8 39. Kf2 Rxb4 40. Kf3 Na4 41. Nd3 Rb6 42. Rc8 Rxc8 43. Bxc8 Rb3 44. Ke2 Nb2 45. Nxb2 Rxb2+ 0-1

[Event "North Shore op"]
[Site "Auckland"]
[Date "2009.08.29"]
[Round "1"]
[White "Wright, Caleb"]
[Black "Gunn, Neil J"]
[Result "1-0"]
[WhiteElo "1933"]
[BlackElo "2040"]
[PlyCount "83"]
[EventDate "2009.08.29"]
[EventType "swiss"]
[EventRounds "5"]
[EventCountry "NZL"]
[SourceTitle "EXT 2018"]
[Source "ChessBase"]
[SourceDate "2017.10.13"]
[SourceVersion "1"]
[SourceVersionDate "2017.10.13"]
[SourceQuality "1"]

1. d4 Nf6 2. c4 g6 3. f3 Bg7 4. e4 d6 5. Nc3 0-0 6. Be3 c5 7. Nge2 Nc6 8. Qd2 b6 9. d5 Ne5 10. b3 a6 11. Nc1 e6 12. dxe6 Bxe6 13. Nd3 Nc6 14. Rd1 Qb8 15. Nf4 Ne8 16. Nfd5 Ra7 17. Be2 Nd4 18. Bd3 Bxd5 19. Nxd5 b5 20. 0-0 b4 21. Nf4 Nc7 22. Be2 Nce6 23. Nd5 Qd8 24. f4 f5 25. exf5 Nxf5 26. Bf2 Ned4 27. Bg4 Raf7 28. Bxf5 Nxf5 29. Qd3 Nd4 30. Rde1 Qd7 31. h3 Kh8 32. g4 g5 33. f5 Be5 34. Bg3 Re8 35. Kg2 Bxg3 36. Kxg3 Rxe1 37. Rxe1 Nc6 38. Qe3 h6 39. Qe6 Qxe6 40. Rxe6 Kg7 41. Rg6+ Kf8 42. Rxd6 1-0